|
|
|
|
| LEADER |
00804nam a2200229 i 4500 |
| 001 |
c000078131 |
| 003 |
CARM |
| 005 |
00000000000000.0 |
| 008 |
710604s1971 enk 00011 eng d |
| 015 |
|
|
|a B7113181
|
| 019 |
1 |
|
|a 3552243
|5 LACONCORD2021
|
| 020 |
|
|
|a 070911995X :
|c L.1.30
|
| 035 |
|
|
|a (OCoLC)16215334
|5 LACONCORD2021
|
| 100 |
1 |
|
|a Quigley, Aileen,
|d 1930-
|
| 245 |
1 |
0 |
|a Child of fire /
|c Aileen Quigley.
|
| 260 |
|
|
|a London :
|b Hale,
|c 1971.
|
| 300 |
|
|
|a 189 p. ;
|c 21cm.
|
| 500 |
|
|
|a Fiction in English, 1900-. Texts (BNB/PRECIS)
|
| 852 |
8 |
|
|b CARM
|h A2:AK37G0
|i B02445
|p 0116594
|f BK
|
| 082 |
0 |
4 |
|a 823/.9/1
|2 18
|
| 999 |
f |
f |
|i 0d5d7487-9f91-58d4-9cbe-9252d03bb632
|s 58d5084a-e809-50e1-b9a9-ab5aa2a97bbc
|
| 952 |
f |
f |
|p Can circulate
|a CAVAL
|b CAVAL
|c CAVAL
|d CARM 1 Store
|e B02445
|f A2:AK37G0
|h Other scheme
|i book
|m 0116594
|